| 000 | 00762nam a2200217 i 4500 | ||
|---|---|---|---|
| 001 | 26971 | ||
| 003 | ES-MaACL | ||
| 005 | 20230906153532.0 | ||
| 007 | t| | ||
| 008 | 030113s1948 ag ||||1| spa d | ||
| 100 | 1 |
_aAshley, Maurice. _923602 |
|
| 245 | 1 | 4 |
_aUna dictadura conservadora / _cMaurice Ashley, Oliver Cromwell ; [traducción directa por Ana Rosa R. de Gelnijovich]. |
| 260 |
_aBuenos Aires : _bLosada, _c[1948] ( _fBartolomé U. Chiesino) |
||
| 300 |
_a342 p., 8 lám. ; _c23 cm. |
||
| 490 | 1 | _aBiografías históricas y novelescas | |
| 700 | 1 |
_aCromwell, Oliver. _941689 |
|
| 700 | 1 |
_aGelnijovich, Ana Rosa R. de. _956276 |
|
| 830 | 0 |
_aBiografías históricas y novelescas _9180395 |
|
| 852 |
_aES-MaACL _jB-1542 _bR.29446 |
||
| 999 |
_c26971 _d26971 |
||